50 Personnalités francophones #6 - Statistiques

Statistiques générales
  • Ce quiz a été pris 135 fois
  • Le résultat moyen est 21 sur 50
Statistiques - réponses
Par images Réponse % Correct
Philippe Katerine
84%
Aya Nakamura
82%
Lara Fabian
82%
Calogero
80%
Julien Clerc
79%
Michel Drucker
79%
Camille Cottin
76%
David Pujadas
70%
Booder
68%
Fauve Hautot
66%
Roselyne Bachelot
64%
Nikola Karabatic
63%
Marion Maréchal
62%
Arielle Dombasle
59%
Leïla Bekhti
57%
Vincent Lindon
56%
Elodie Gossuin
54%
Fabien Olicard
49%
Véronique Sanson
47%
Miou-Miou
41%
Marie Drucker
40%
Julie Depardieu
39%
Laure Boulleau
39%
Léa Elui
39%
Natacha Polony
39%
Tatiana Silva
39%
Adriana Karembeu
38%
Eric Naulleau
37%
Juliette Binoche
36%
Cécile de France
35%
Jimmy Mohamed
33%
Pierre Hermé
31%
Liliane Bettencourt
28%
Vaimalama Chaves
27%
Léa Drucker
26%
Quentin Dupieux
26%
Alain Duhamel
23%
Charlotte le Bon
23%
Carine Galli
21%
Stéphane de Groodt
21%
Judith Godrèche
17%
Aurélie Aubert
14%
Julian Bugier
14%
Aure Atika
12%
Valeria Bruni-Tedeschi
12%
Virginie Despentes
12%
Hélène Vincent
10%
Jean-Baptiste Marteau
10%
Jean-Baptiste Boursier
9%
Caroline Vigneaux
7%
Aucun quiz correspondant
Distribution des résultats
% des personnes avec chaque résultat
Percentile par nombre de réponses
Votre historique - résultats
Vous n’avez pas pris ce quiz